Países que contienen la letra F - Estadísticas

Estadísticas generales
  • Esta prueba ha sido intentada 69 veces
    63 desde el último reinicio
  • La puntuación promedio es 6 de 10
Estadísticas de respuestas
País % Correcto
Francia
98%
Finlandia
94%
Fiyi
85%
Afganistán
83%
Filipinas
72%
Sudáfrica
47%
República Centroafricana
43%
Burkina Faso
38%
Costa de Marfil
30%
Estados Federados de Micronesia
30%
No se encontraron pruebas coincidentes
Distribución de puntuación
Porcentaje de gente con cada puntuación
Porcentaje por número respondido
Historial de tus puntuaciones
No has intentado esta prueba desde el último reinicio